000 00274nam a22001097a 4500
008 170124b xxu||||| |||| 00| 0 eng d
020 _a9780781741811
041 _aeng
080 _24TH
_a618.2
245 _aCOMMON LABORATORY & DIAGNOSTIC TESTS
_cFISCHBACH, F
942 _2udc
_cBK
999 _c3529
_d3529